Histoire commençant par la lettre B - Statistiques

Statistiques générales
  • Ce quiz a été pris 91 941 fois
    90 636 depuis la dernière actualisation
  • Le résultat moyen est 12 sur 20
Statistiques - réponses
Indice Réponse % Correct
Prise un certain 14 juillet Bastille
97%
Ville séparée par un mur jusqu'en 1989 Berlin
97%
Ville antique célèbre pour ses jardins suspendus Babylone
88%
Âge précédent celui du fer Âge du bronze
81%
Compositeur allemand auteur de la "Symphonie Héroïque" Ludwig van Beethoven
81%
Ancien nom de Mumbai Bombay
74%
Philosophe et scientifique anglais partageant son nom avec un morceau de lard salé Francis Bacon
72%
Parti indépendant russe ayant pris le pouvoir après la révolution d'octobre Bolchévique
67%
Pirate anglais moins connu sous le nom d'Edward Teach Barbe noire
64%
Partie orientale de l'Empire romain Empire Byzantin
59%
Prend le pouvoir le 18 brumaire Napoléon Bonaparte
59%
Surtout connu pour avoir inventé le téléphone Alexander Graham Bell
56%
Ville où s'est déroulé la révolte "Tea Party" en 1773 Boston
56%
Capitale actuelle à proximité de cette dernière Bagdad
53%
Bombardements allemands contre le Royaume-Uni pendant la seconde guerre mondiale Le Blitz
42%
Famille littéraire britannique à laquelle appartiennent Anne, Emily et Charlotte Brontë
38%
"Libertador" de l'Amérique Latine Simón Bolívar
34%
Ville dans laquelle à été construit le Titanic Belfast
28%
Pionners blancs d'Afrique du Sud Boers
26%
Épouse décapitée d'Henry VIII Anne Boleyn
25%
Aucun quiz correspondant
Distribution des résultats
% des personnes avec chaque résultat
Percentile par nombre de réponses
Votre historique - résultats
Vous n’avez pas pris ce quiz depuis la dernière actualisation